header

Irritable bowel syndrome (Record no. 152118)

MARC details
000 -LEADER
fixed length control field 01403nam a2200337Ia 4500
082 04 - DEWEY DECIMAL CLASSIFICATION NUMBER
Classification number 616.3/42
100 1# - MAIN ENTRY--AUTHOR NAME
Personal name El-Salhy, Magdy.
245 10 - TITLE STATEMENT
Title Irritable bowel syndrome
260 ## - PUBLICATION, DISTRIBUTION, ETC. (IMPRINT)
Place of publication New York :
Name of publisher Nova Science Publishers,
Year of publication c2012.
300 ## - PHYSICAL DESCRIPTION
Number of Pages x, 148 p. :
Other physical details ill. (chiefly col.)
490 1# - SERIES STATEMENT
Series statement Digestive diseases--research and clinical developments
650 #0 - SUBJECT ADDED ENTRY--TOPICAL TERM
Topical Term Irritable colon.
Topical Term Colon (Anatomy)
856 40 - ELECTRONIC LOCATION AND ACCESS
Uniform Resource Identifier http://site.ebrary.com/lib/rucke/Doc?id=10729690

No items available.

© 2026 Rongo University
Contact us: librarian | system librarian | Rongo university